000 00396nam a2200145 i 4500
001 135459
003 ES-MaACL
007 t|
008 070718s1920 sp ||||1| spa d
100 1 _aTorre, Claudio de la.
_9110731
245 1 3 _aLa huella perdida /
_cClaudio de la Torre.
260 _aMadrid :
_bCaro Raggio,
_c[1920]
300 _a190 p. ;
_c23 cm.
852 _aES-MaACL
_jB-9499
_bR.18626
999 _c135459
_d135459